Quick Pick: Fruits in Latin Quiz Stats

 Plays Quiz Updated Mar 26, 2019

Score 0/10 Timer 01:00
0 Plays Today
% Correct
Bananae
93.5%
Pomum
89.5%
Prunum
88.7%
Persicum
82.2%
Malum
65.2%
Cerasum
62.9%
Arbutus
57%
Volaemum
53.5%
Vitis
41.1%
Vaccinium
22.5%

Today's Daily Dose

You're not logged in!

Compare scores with friends on all Sporcle quizzes.
OR
Log In

Sporcle TV

Today on Sporcle TV


Watch our educational content, quiz creation guides, and fun videos on Sporcle TV.

Show Comments

Extras

Top Quizzes Today


Score Distribution

Your Account Isn't Verified!

In order to create a playlist on Sporcle, you need to verify the email address you used during registration. Go to your Sporcle Settings to finish the process.

Report this User

Report this user for behavior that violates our Community Guidelines.

Details: